000 00468nam a2200181Ia 4500
001 43598
008 140425s9999 xx 000 0 und d
020 _aNA
040 _cPK-LaUMT
082 _aRHC 891.4393
_bWIR-J
100 _aWaris Alvi
245 _aJadeed afsaanah aur us kay masaail (Urdu)
_cWaris Alvi
260 _aNew Delhi,India:
_bNae Awaz Namea Nagar,
_c1990
300 _a128 p.
546 _aUR
650 _aPakistani literature-Urdu
942 _cBK
999 _c41600
_d41600